Η ανοιχτή κοινωνία και οι εχθροί της

Saved in:
Bibliographic Details
Main Author: Popper, Karl R. (Karl Raimund), 1902-1994
Format: Book
Language:Greek
English
Published: Αθήνα : Δωδώνη, 1980-1982.
Subjects:
Tags: Add Tag
No Tags, Be the first to tag this record!

MARC

LEADER 00000cam a2200000 i 4500
001 1/104307
008 950530m19801982gr | ||| |||| ||gre||
020 |a 9602480939   |q (set) 
035 |a 1986  |c Αγορά  |l 10013211 
035 |a 1998  |b 1  |c ΚΠΣ/Ν 
040 |a GR-MyUa  |b gre  |e AACR2 
041 1 |a gre  |h eng 
082 7 |a 320.01   |2 (22) 
082 7 |a 320.5   |2 (22) 
100 1 |a Popper, Karl R.   |q (Karl Raimund),   |d 1902-1994. 
245 1 2 |a Η ανοιχτή κοινωνία και οι εχθροί της /   |c Καρλ Πόππερ ; μετάφραση Ειρήνης Παπαδάκη.  
260 |a Αθήνα :   |b Δωδώνη,   |c 1980-1982.  
300 |a 2 τ. ;   |c 22 εκ. 
504 |a Περιλαμβάνει βιβλιογραφικές παραπομπές. 
505 8 |a Τ. 1. Η γοητεία του Πλάτωνα -- τ. 2. Hegel, Marx και τα επακόλουθα.  
600 0 0 |a Πλάτων,   |d 428 ή 7-348 ή 7 π.Χ. 
600 1 0 |a Hegel, Georg Wilhelm Friedrich,   |d 1770-1831. 
600 1 0 |a Marx, Karl,   |d 1818-1883. 
650 0 0 |a Political science  |x Philosophy. 
650 0 0 |a Social sciences  |x Philosophy. 
740 2 |a Η γοητεία του Πλάτωνα. 
740 0 |a Hegel, Marx και τα επακόλουθα. 
765 0 8 |i Μετάφραση του:   |t The open society and its enemies /  
852 |a INST  |b CHIOS  |e 19960405  |h 320.5 POP  |p 005200006060  |q 005200006060  |t BK  |y 0  |z v.1 
852 |a INST  |b CHIOS  |e 19960405  |h 320.5 POP  |p 005200006061  |q 005200006061  |t BK  |y 0  |z v.2 
852 |a INST  |b CHIOS  |e 19960405  |h 320.5 POP  |p 005200006060  |q 005200006060  |t BK  |v τ.1:  |y 0  |z v.1 
852 |a INST  |b CHIOS  |e 19960405  |h 320.5 POP  |p 005200006061  |q 005200006061  |t BK  |v τ.2:  |y 0  |z v.2 
852 |a INST  |b LESVOS  |e 19950530  |h 320.5 POP  |p 005100004550  |q 005100004550  |t BK  |y 0  |z τ.ΙΙ 
852 |a INST  |b LESVOS  |e 19950530  |h 320.5 POP  |p 005100004552  |q 005100004552  |t BK  |y 0  |z τ.Ι 
852 |a INST  |b LESVOS  |e 20141104  |h 320.5 POP  |p 005100054996  |q 005100054996  |t BK  |y 0  |z τ.I 
852 |a INST  |b LESVOS  |e 20141104  |h 320.5 POP  |p 005100054997  |q 005100054997  |t BK  |y 0  |z τ.II 
852 |a INST  |b LESVOS  |e 19950530  |h 320.5 POP  |p 005100004550  |q 005100004550  |t BK  |v τ.2:  |y 0  |z τ.ΙΙ 
852 |a INST  |b LESVOS  |e 19950530  |h 320.5 POP  |p 005100004552  |q 005100004552  |t BK  |v τ.1:  |y 0  |z τ.Ι 
852 |a INST  |b LESVOS  |e 20141104  |h 320.5 POP  |p 005100054996  |q 005100054996  |t BK  |v τ.1:  |y 0  |z τ.I 
852 |a INST  |b LESVOS  |e 20141104  |h 320.5 POP  |p 005100054997  |q 005100054997  |t BK  |v τ.2:  |y 0  |z τ.II 
852 |a INST  |b RHODES  |e 19960705  |h 320.5 POP  |p 005400002290  |q 005400002290  |t BK  |y 0  |z τ.2 
852 |a INST  |b RHODES  |e 19960705  |h 320.5 POP  |p 005400002291  |q 005400002291  |t BK  |y 0  |z τ.1 
852 |a INST  |b RHODES  |e 19980519  |h 320.5 POP  |p 005400006380  |q 005400006380  |t BK  |y 0  |z τ.1 
852 |a INST  |b RHODES  |e 19960705  |h 320.5 POP  |p 005400002290  |q 005400002290  |t BK  |v τ.2:  |y 0  |z τ.2 
852 |a INST  |b RHODES  |e 19960705  |h 320.5 POP  |p 005400002291  |q 005400002291  |t BK  |v τ.1:  |y 0  |z τ.1 
852 |a INST  |b RHODES  |e 19980519  |h 320.5 POP  |p 005400006380  |q 005400006380  |t BK  |v τ.1:  |y 0  |z τ.1 
852 |a INST  |b RHODES  |c KRI  |e 20050902  |h  320.5 POP  |p 005400022609  |q 005400022609  |t BK  |v τ.1:  |y 0  |z τ.1 
852 |a INST  |b RHODES  |c KRI  |e 20050902  |h  320.5 POP  |p 005400028606  |q 005400028606  |t BK  |v τ.2:  |y 0  |z τ.2 
852 |a INST  |b SYROS  |e 20221101  |h 320.01 POP  |p 005500015582  |q 005500015582  |t BK  |v τ.1:  |y 0 
852 |a INST  |b SYROS  |e 20221024  |h 320.01 POP  |p 005500015585  |q 005500015585  |t BK  |v τ.2:  |y 0 
853 |a INST  |b CHIOS  |h 320.5 POP 
853 |a INST  |b LESVOS  |h 320.5 POP 
853 |a INST  |b RHODES  |h 320.5 POP 
853 |a INST  |b RHODES  |c KRI  |h  320.5 POP 
853 |a INST  |b SYROS  |h 320.01 POP 
901 |a BIBL1-2014-3 
970 |a ΣΙΔΕΡΗ  |b ΝΕΚΤΑΡΙΑ  |z 2005/09/01